| 000 | 00788nam a2200241 a 4500 | ||
|---|---|---|---|
| 008 | |||
| 020 | _a0415937248 (cased) | ||
| 049 | _aMAIN | ||
| 090 | 0 | 0 |
_aREF Q121 _bENC |
| 245 | 0 | 0 |
_aEncyclopedia of science and technology / _cJames Trefil, general editor ; contributing editors, Harold Morowitz, Paul Ceruzzi. |
| 260 |
_aNew York : _bRoutledge, _c2001. |
||
| 300 |
_a554 p. : _bill. (some col.) ; _c29 cm. |
||
| 504 | _aIncludes bibliographical references. | ||
| 500 | _aIncludes index. | ||
| 650 | 0 |
_aScience _vEncyclopedias. |
|
| 650 | 0 |
_aTechnology _vEncyclopedias. |
|
| 700 | 1 | _aTrefil, James S. | |
| 907 |
_a.b10121377 _b08-05-12 _c10-05-04 |
||
| 003 | |||
| 005 | 20230120191411.0 | ||
| 040 | _cNUST | ||
| 942 |
_cBOOKS _kREF Q121 _mENC |
||
| 999 |
_c100443 _d100443 |
||